Music Quiz

Random Music or Billboard Quiz

Billboard Top 10's Of 1972 Quiz Stats

 Plays Quiz not verified by Sporcle

Challenge
Share
Tweet
Embed
Score 0/110 Timer 20:00
0 Plays Today
Artist Song % Correct
Don McCleanAmerican Pie (Parts I & II)
98.7%
MelanieBrand New Key
92%
Michael Jackson (3)Ben
89.3%
America (1)A Horse With No Name
86.7%
Al Green (1)Let's Stay Together
81.3%
Alice CooperSchool's Out
81.3%
Helen ReddyI Am Woman
80%
Sly & The Family StoneFamily Affair
78.7%
Hot ButterPopcorn
78.7%
Jonathan EdwardsSunshine
77.3%
Derek & The DominosLayla
77.3%
Apollo 100Joy
74.7%
Gary GlitterRock And Roll (Part 2)
74.7%
The Moody BluesNights In White Satin
74.7%
Billy PaulMe And Mrs. Jones
74.7%
T. RexBang A Gong (Get It On)
73.3%
Bill Withers (1)Lean On Me
73.3%
Wayne NewtonDaddy Don't You Walk So Fast
73.3%
Chuck BerryMy Ding-A-Ling
73.3%
Albert HammondIt Never Rains In Southern California
73.3%
Carly SimonYou're So Vain
73.3%
Looking GlassBrandy (You're A Fine Girl)
72%
ArgentHold Your Head Up
72%
Rick Nelson & The Stone Canyon BandGarden Party
72%
Johnny NashI Can See Clearly Now
72%
Donny Osmond (2)Puppy Love
70.7%
Jackson BrowneDoctor My Eyes
70.7%
Gilbert O'Sullivan (2)Clair
70.7%
Neil YoungHeart Of Gold
69.3%
Sammy Davis Jr.The Candy Man
69.3%
Gilbert O'Sullivan (1)Alone Again (Naturally)
69.3%
The HolliesLong Cool Woman (In A Black Dress)
69.3%
ChicagoSaturday In The Park
69.3%
Curtis Mayfield (2)Superfly
69.3%
The New SeekersI'd Like To Teach The World To Sing (In Perfect Harmony)
68%
Seals & CroftsSummer Breeze
68%
Donna FargoFunny Face
68%
Artist Song % Correct
The Chi-Lites (2)Oh Girl
66.7%
Dr. Hook & The Medicine ShowSylvia's Mother
66.7%
Nilsson (2)Coconut
66.7%
The RaspberriesGo All The Way
66.7%
Robert JohnThe Lion Sleeps Tonight
65.3%
Roberta FlackThe First Time Ever I Saw Your Face
65.3%
Neil DiamondSong Sung Blue
65.3%
The TemptationsPapa Was A Rollin' Stone
65.3%
America (3)Ventura Highway
65.3%
Three Dog Night (3rd top 10 song of year)Black And White
64%
Betty WrightClean Up Woman
62.7%
Nilsson (1)Without You
62.7%
Elton John (1)Rocket Man
62.7%
The DelegatesConvention '72
62.7%
The EaglesWitchy Woman
62.7%
Harold Melvin & The Blue NotesIf You Don't Know Me By Now
62.7%
Three Dog Night (1st top 10 song of year)An Old Fashioned Love Song
61.3%
David CassidyCherish
61.3%
Three Dog Night (2nd top 10 song of year)Never Been To Spain
61.3%
The OsmondsDown By The Lazy River
61.3%
Jim CroceYou Don't Mess Around With Jim
61.3%
Mac DavisBaby Don't Get Hooked On Me
61.3%
Elvis PresleyBurning Love
61.3%
Loggins & MessinaYour Mama Don't Dance
61.3%
The Chi-Lites (1)Have You Seen Her
60%
The O'JaysBack Stabbers
60%
BadfingerDay After Day
58.7%
ClimaxPrecious And Few
58.7%
Cat StevensMorning Has Broken
58.7%
GalleryNice To Be With You
58.7%
Roberta Flack (2) & Donny HathawayWhere Is The Love
58.7%
Dennis Coffey & The Detroit Guitar BandScorpio
57.3%
Billy PrestonOuta-Space-I Wrote A Simple Song
57.3%
The Main IngredientEverybody Plays The Fool
57.3%
Joe TexI Gotcha
56%
Michael Jackson (2)Rockin' Robin
56%
Elton John (2)Honky Cat
56%
Artist Song % Correct
Luther Ingram(If Loving You Is Wrong) I Don't Want To Be Right
54.7%
Curtis Mayfield (1)Freddie's Dead (Theme From Superfly)
54.7%
Danny O'KeefeGood Time Charlie's Got The Blues
54.7%
Commander Cody & His Lost Planet AirmenHot Rod Lincoln
53.3%
The Jimmy Castor BunchTroglodyte (Cave Man)
53.3%
Donny Osmond (1)Hey Girl-I Knew You When
52%
Paul SimonMother And Child Reunion
52%
The Stylistics (2) Betcha By Golly, Wow
52%
Mouth & MacNealHow Do You Do
52%
Michael Jackson (1)Got To Be There
50.7%
Sonny & CherA Cowboy's Work Is Never Done
50.7%
Ringo StarrBack Off Boogaloo
50.7%
The Rolling StonesTumbling Dice
50.7%
America (2)I Need You
50.7%
Al Green (3)I'm Still In Love With You
50.7%
The Carpenters (1)Hurting Each Other
49.3%
The ChakachasJungle Fever
49.3%
The DramaticsIn The Rain
49.3%
The Carpenters (2)Goodbye To Love
49.3%
Bill Withers (2)Use Me
49.3%
LoboI'd Love You To Want Me
48%
The Staple SingersI'll Take You There
46.7%
Jackson 5Sugar Daddy
45.3%
Cornelius Brothers & Sister RoseToo Late To Turn Back Now
44%
The SpinnersI'll Be Around-How Could I Let You Get Away
44%
Johnny RiversRockin' Pneumonia And The Boogie Woogie Flu
44%
The Stylistics (3)I'm Stone In Love With You
42.7%
BreadEverything I Own
40%
Al Green (4)You Ought To Be With Me
40%
The Fifth Dimension (1)(Last Night) I Didn't Get To Sleep At All
38.7%
Carole KingSweet Seasons
37.3%
CherThe Way Of Love
37.3%
Aretha FranklinDay Dreaming
34.7%
The Fifth Dimension (2)If I Could Reach You
34.7%
The Stylistics (1)You Are Everything
24%
Al Green (2)Look What You Done For Me
22.7%

You're not logged in!

Compare scores with friends on all Sporcle quizzes.
Join for Free
OR
Log In

You Might Also Like...

Show Comments

Extras

Top Quizzes Today


Score Distribution

Your Account Isn't Verified!

In order to create a playlist on Sporcle, you need to verify the email address you used during registration. Go to your Sporcle Settings to finish the process.

Report this User

Report this user for behavior that violates our Community Guidelines.

Details: